00506 2200193 4500001002100000005001500021008004100036020002200077035001900099041000700118082001200125090001800137100001300155245006300168260003100231300002400262500001100286650001500297INLIS00000000000001020241224112112241224||||||||| | ||| |||| || |  a978-979-010-391-7 0010-1224000010 aid0 a357.001 a357.001 SUP t0 aSuparlan00aTanya Jawab Pengembangan Kurikulum dan Materi Pembelajaran aJakartabBumi Aksarac2012 axx, 202 hlm,: 21 cm aCet. 2 0apendidikan